000 01059nam0a22002651 4500
001 v19\rc\1521562
005 20260405130137.0
035 _a(NLR Aleph) 004643803
090 _a3330144
_c3330144
100 _a20060620d1902 |||y0rusy50 ca
101 1 _arus
_cita
102 _aRU
105 _ay z |||||
200 1 _aМефистофель
_eОпера Арриго Бойто
_fПер. Е. Клетновой
210 _aМосква
_cпаровая скоропечатня нот П. Юргенсона
_d1902
215 _a48 с.
_d18
300 _aВ изд. 1886 г. парал. тит. л. на итал. яз.; текст парал. на рус. и итал. яз.
700 1 _8rus
_7ca
_aБойто
_bА.
_f1842-1918
_gАрриго
_3RU\NLR\AUTH\7751315
_934249
702 1 _4730
_7ca
_8rus
_aКлетнова
_bЕ. Н.
_f1869-1938
_gЕкатерина Николаевна
_9221315
_3RU\NLR\AUTH\770221371
801 0 _aRU
_bNLR
_gpsbo
801 1 _aRU
_bProSoft-M
_2rusmarc
852 _aNLR
_j34.82.8.1328
942 _cBOOK
980 _aNB